Vytváranie trhovo konformných podmienok v podnikovom managemente.

Slabé konkurenčné prostredie čs. ekonomiky v r. 1991. Prieskum analýzy vnútropodnikového správania v SŠÚ. Vývoj situácie na domácom a zahraničnom trhu. Pokles priemyslovej výroby Slovenska r. 1991, pokles výrobných kapacít a spotreby energie. Výška zásob. Cenová úroveň. Zhoršenie finančnej situácie...

Descrizione completa

Salvato in:
Dettagli Bibliografici
Autore principale: Vavrinčík, Pavel
Altri autori: Vavrinčíková, V.
Natura: Capitolo di libro
Lingua:slovacco
Soggetti:
Tags: Aggiungi Tag
Nessun Tag, puoi essere il primo ad aggiungerne!!

MARC

LEADER 00000naa a2200000 4500
001 r010643
005 20220831082047.4
041 0 |a slo 
044 |a [CS] 
245 1 0 |a Vytváranie trhovo konformných podmienok v podnikovom managemente.  |c Pavel Vavrinčík, V. Vavrinčíková 
520 |a Slabé konkurenčné prostredie čs. ekonomiky v r. 1991. Prieskum analýzy vnútropodnikového správania v SŠÚ. Vývoj situácie na domácom a zahraničnom trhu. Pokles priemyslovej výroby Slovenska r. 1991, pokles výrobných kapacít a spotreby energie. Výška zásob. Cenová úroveň. Zhoršenie finančnej situácie podnikov. Zamestnanosť. Motivácia pracovníkov. Zmeny v organizačnej štruktúre. 
610 2 0 |a hospodárstvo trhové 
610 2 0 |a konkurencia 
610 2 0 |a Slovensko 
610 2 0 |a manažment 
610 2 0 |a podnik 
610 2 0 |a vývoj hospodársky 
610 2 0 |a 1991 
610 2 0 |a zisťovanie štatistické 
610 2 0 |a SŠÚ Bratislava 
610 2 0 |a trh vnútorný 
610 2 0 |a dopyt 
610 2 0 |a výroba 
610 2 0 |a využitie kapacít výrobných 
610 2 0 |a zásoby 
610 2 0 |a ceny 
610 2 0 |a financie podnikové 
610 2 0 |a zamestnanosť 
100 1 |a Vavrinčík, Pavel 
700 1 |a Vavrinčíková, V.